| 000 | 00728cam a2200205 4500 | ||
|---|---|---|---|
| 008 | 090401t1993 xxu||||| |||| 00| 0 eng d | ||
| 020 | _a0412489007 | ||
| 035 | _a(Sirsi) u75563 | ||
| 041 | _aeng | ||
| 050 |
_a333.70285 _c18 |
||
| 100 | _aCassettari, Seppe | ||
| 245 | _aIntroduction to integrated geo-information management | ||
| 260 |
_aLondon _bChapman and Hall _c1993 |
||
| 300 |
_axv, 252p. _bill. _c24cm. |
||
| 350 | _a17.95 | ||
| 520 | _aProvides an introduction to the concept of integrated information systems, their implementation and management and the importance of spatial data. | ||
| 690 | _aENVIRONMENTAL AND LAND CONSULTANCY-GEOMATICS-GEOGRAPHIC INFORMATION SCIENCE | ||
| 942 | _n0 | ||
| 948 | _c04/03/1997 | ||
| 999 |
_c96039 _d96039 |
||